000
00202 a2200097 4500
001
6391
100
_a
Bueche, F
245
_a
Principles of Physics
260
_a
_b
Mc Graw Hill
_c
090
_c
5265
_d
5265
942
_a
NUST-CAE
_c
M
_c
31673
999
_c
241464
_d
241464